Cómo elaborar un proyecto: guía para diseñar proyectos sociales y culturales

Spremljeno u:
Bibliografski detalji
Glavni autor: Ander-Egg, Ezequiel (autor)
Daljnji autori: Aguilar Idáñez, María José (autora)
Format: Knjiga
Jezik:španjolski
Izdano: Buenos Aires Lumen 1995
Izdanje:2a. ed
Serija:Colección Política, Servicios y Trabajo Social
Teme:
Oznake: Dodaj oznaku
Bez oznaka, Budi prvi tko označuje ovaj zapis!

MARC

LEADER 00000nam a2200000 a 4500
001 UCT2492
003 CL-VaPUC
008 961011e19950000AG |||||||||||||||||spa|d
082 0 4 |a 361.2  |b AND  |2 21 
100 |a Ander-Egg, Ezequiel  |e autor  |9 563263 
700 |a Aguilar Idáñez, María José  |e autora  |9 371515 
245 1 0 |a Cómo elaborar un proyecto: guía para diseñar proyectos sociales y culturales 
250 |a 2a. ed 
300 |a 90 p 
942 |c BK 
945 |d 19961011 00:00:00  |a rleighto 
260 |a Buenos Aires  |b Lumen  |c 1995 
650 7 |a ELABORACION DE PROYECTOS  |2 CL-VaPUC  |9 263839 
650 7 |a EJECUCION DE PROYECTOS  |2 CL-VaPUC  |9 361904 
650 0 |a Evaluación de proyectos   |9 259341 
650 0 |a Métodos de investigación   |9 262618 
650 0 |a Ciencias sociales   |9 256351 
583 |a last modification  |c 20121104 08:48:24  |k Rodrigo Vera 
490 0 |a Colección Política, Servicios y Trabajo Social 
999 |c 252561  |d 252559 
952 |0 0  |1 0  |4 0  |6 361_200000000000000_AND_1995  |7 0  |8 R  |9 272477  |a BIBGIM  |b BIBGIM  |d 2019-11-19  |i 3237613  |o 361.2 AND 1995  |p 3237613  |r 2025-01-15  |w 2019-11-19  |y BK_R  |k SSL 
952 |0 0  |1 0  |4 0  |6 361_200000000000000_AND_1995  |7 0  |8 A  |9 272478  |a BIBING  |b BIBING  |d 2019-11-19  |i 3435881  |o 361.2 AND 1995  |p 3435881  |r 2025-01-20  |w 2019-11-19  |y BK  |k GEO